000 00657nam a2200229Ia 4500
999 _c2302
_d2302
003 0100
008 130227s9999 xx 000 0 und d
020 _a9964950063
040 _cARRUPELIB
050 _aDT509.97.G4 V.22
100 _aGhana Academy of Arts & Sciences
_932159
245 4 _aThe Place of learning in national life
245 _bProceedings of the Ghana Academy of Arts & Sciences
260 _bGhana Academy of Arts & Sciences
_aAccra
_c1994
300 _aix
300 _b 135p 23cm
440 _aProceedings of the Ghana Academy of Arts & Sciences v.22
_932160
650 _bEducation
_xGhana
_932161
942 _2lcc
_cMONOGRAPH